000 00318nam a22001337a 4500
008 171213b xxu||||| |||| 00| 0 eng d
020 _a9788120311763
041 _aeng
080 _26 ED
_a62
100 _a27
101 _aIM
245 _aELECTRONIC DEVICES AND CIRCUIT THEORY
_cBOYLESTAD.R.L
942 _2udc
_cBK
999 _c38881
_d38881